000 00509cam a2200181 4500
001 D15393
008 090401t1975 xxu||||| |||| 00| 0 eng d
035 _a(Sirsi) u22463
041 _aeng
110 _aRoyal Institution of Chartered Surveyors
_94900
245 _aBritish Chapter of the International Real Estate Federation; List of Members, 1975/76
260 _aLondon
_bFIABCI
_c1975
300 _a63p. 21cm
350 _a0
710 _aFIABCI (United Kingdom)
942 _n0
948 _c04/03/1997
999 _c88187
_d88187